000
00279nam a2200109Ia 4500
008
220216s9999 xx 000 0 und d
245
0
_a
History of rubber down the ages
260
_b
Rubber Asia 20th Anniversary Issue
300
_a
76-79
650
_a
Rubber history
942
_c
JS
999
_c
60461
_d
60461